<?xml version="1.0" encoding="UTF-8"?>
<record
    xmlns:xsi="http://www.w3.org/2001/XMLSchema-instance"
    xsi:schemaLocation="http://www.loc.gov/MARC21/slim http://www.loc.gov/standards/marcxml/schema/MARC21slim.xsd"
    xmlns="http://www.loc.gov/MARC21/slim">

  <leader>05027nam a2200397 a 4500</leader>
  <controlfield tag="003">CHAP</controlfield>
  <controlfield tag="005">20230418124423.0</controlfield>
  <controlfield tag="007">ta</controlfield>
  <controlfield tag="008">230411s2012    -usado|fr|||| 001 0 eng d</controlfield>
  <datafield tag="020" ind1=" " ind2=" ">
    <subfield code="a">978-1-4398-4593-6</subfield>
  </datafield>
  <datafield tag="040" ind1=" " ind2=" ">
    <subfield code="a">mxchpua</subfield>
    <subfield code="c">CHAP</subfield>
    <subfield code="e">rda</subfield>
  </datafield>
  <datafield tag="050" ind1="1" ind2="0">
    <subfield code="a">TP156.E8</subfield>
    <subfield code="b">.E54 2012</subfield>
  </datafield>
  <datafield tag="082" ind1="0" ind2="0">
    <subfield code="a">664</subfield>
    <subfield code="b">E54 2012</subfield>
    <subfield code="2">20</subfield>
  </datafield>
  <datafield tag="245" ind1="1" ind2="0">
    <subfield code="a">Enhancing extraction processes in the food industry /</subfield>
    <subfield code="c">editores Nikolai Lebovka, Eugene Vorobiev y Farid Chemat</subfield>
  </datafield>
  <datafield tag="250" ind1=" " ind2=" ">
    <subfield code="a">1a edici&#xF3;n</subfield>
  </datafield>
  <datafield tag="264" ind1=" " ind2=" ">
    <subfield code="a">Boca Raton, Florida :</subfield>
    <subfield code="b">CRC Press,</subfield>
    <subfield code="c">2012</subfield>
  </datafield>
  <datafield tag="300" ind1=" " ind2=" ">
    <subfield code="a">xxxviii, 532 p&#xE1;ginas :</subfield>
    <subfield code="b">ilustraciones, gr&#xE1;ficas, tablas, diagramas, fotos</subfield>
  </datafield>
  <datafield tag="336" ind1=" " ind2=" ">
    <subfield code="2">rdacontent</subfield>
    <subfield code="a">texto</subfield>
    <subfield code="b">txt</subfield>
  </datafield>
  <datafield tag="337" ind1=" " ind2=" ">
    <subfield code="2">rdamedia</subfield>
    <subfield code="a">sin medio</subfield>
    <subfield code="b">n</subfield>
  </datafield>
  <datafield tag="338" ind1=" " ind2=" ">
    <subfield code="2">rdacarrier</subfield>
    <subfield code="a">volumen</subfield>
    <subfield code="b">nc</subfield>
  </datafield>
  <datafield tag="490" ind1="1" ind2=" ">
    <subfield code="a">Contemporary Food Engineering Series / edici&#xF3;n Da-Wen Sun</subfield>
  </datafield>
  <datafield tag="504" ind1=" " ind2=" ">
    <subfield code="a">Incluye bibliograf&#xED;as</subfield>
  </datafield>
  <datafield tag="505" ind1=" " ind2=" ">
    <subfield code="a">Introduction to Extraction in Food Processing; P. J. Lloyd and J. van Wyk --
Pulse Electric Field-Assisted Extraction; E. I. Vorobiev and N. I. Lebovka --
Microwave-Assisted Extraction; M. D. Luque de Castro and F. Priego-Capote --
Ultrasonically Assisted Diffusion Processes; Z. J. Dolatowski and D. M. Stasiak --
Pulsed Electrical Discharges: Principles and Application to Extraction of Biocompounds; N. Boussetta, T. Reess, E. I. Vorobiev, and J.- L. Lanoisell&#xE9; --
Combined Extraction Techniques; F. Chemat and G. Cravotto --
Supercritical Fluid Extraction in Food Processing; R. K. Singh and R. Y. Avula --
Pressurized Hot Water Extraction and Processing; C. Turner and E. Iba&#xF1;ez --
Instant Controlled Pressure Drop Technology in Plant Extraction Processes; K. S. Allaf, C. Besombes, B. Berka, M. Kristiawan, V. Sobolik, and T. S. V. Allaf --
High Pressure&#x2013;Assisted Extraction: Method, Technique, and Application; K. Murthy N. Prasad, A. Ismail, J. Shi, and Y. M. Jiang --
Extrusion-Assisted Extraction: Alginate Extraction from Macroalgae by Extrusion Process; P. Vauchel, A. Arhaliass, J. Legrand, R. Baron, and R. Kaas --
Gas-Assisted Mechanical Expression of Oilseeds; P. Willems and A. B. de Haan --
Mechanochemically Assisted Extraction; O. I. Lomovsky and I. O. Lomovsky --
Reverse Micellar Extraction of Bioactive Compounds for Food Products; A. B. Hemavathi, H. U. Hebbar, and K. S. M. S. Raghavarao --
Aqueous Two-Phase Extraction of Enzymes for Food Processing; M. C. Madhusudhan, M. C. Lakshmi, and K. S. M. S. Raghavarao --
Enzyme-Assisted Aqueous Extraction of Oilseeds; S. Jung, J. M. L. Nobrega de Moura, K. Campbell, and L. A. Johnson --
Index</subfield>
  </datafield>
  <datafield tag="520" ind1="1" ind2=" ">
    <subfield code="a">Extraction is an important operation in food engineering, enabling the recovery of valuable soluble components from raw materials. With increasing energy costs and environmental concerns, industry specialists are looking for improved techniques requiring less solvents and energy consumption. Enhancing Extraction Processes in the Food Industry is a comprehensive resource providing clear descriptions of the latest extraction methods and instruments used in food laboratories.

The book begins with an overview of solvent extraction technology. It examines pulsed electric fields and their effect on food engineering, and the potential and limitations of microwave-assisted extraction. It explores diffusion processes and reviews what is known about electrical discharge processes in the extraction of biocompounds.

Next, the book summarizes current knowledge on conventional and innovative techniques for the intensification of extractions from food and natural products, focusing on environmental impacts. It reviews recent developments in supercritical CO2 extraction of food and food products, describes the pressurized hot water extraction (PHWE) process, and examines future trends for PHWE. The book also examines essential oil extraction, and the tools and techniques of high pressure-assisted extraction. The authors demonstrate its application using litchi and longan fruits as examples.

The final chapters focus on extrusion-assisted extraction, gas-assisted mechanical expression, mechanochemically assisted extraction, reverse micellar extraction, and aqueous two-phase extraction. The book concludes with a chapter on the treatment of soybeans through enzyme-assisted aqueous processing, examining the economics involved as well as the development of the process.

A solid review of modern approaches that enhance extraction processes, this volume is destined to pave the way for future research and development in the field.</subfield>
  </datafield>
  <datafield tag="650" ind1="1" ind2="7">
    <subfield code="9">39212</subfield>
    <subfield code="a">Extracci&#xF3;n (Qu&#xED;mica)</subfield>
  </datafield>
  <datafield tag="650" ind1="1" ind2="7">
    <subfield code="9">39214</subfield>
    <subfield code="a">Extractos vegetales</subfield>
  </datafield>
  <datafield tag="650" ind1="1" ind2="3">
    <subfield code="9">148659</subfield>
    <subfield code="a">Industria de los alimentos  </subfield>
  </datafield>
  <datafield tag="650" ind1="1" ind2="3">
    <subfield code="9">163462</subfield>
    <subfield code="a">Extraction</subfield>
  </datafield>
  <datafield tag="650" ind1="1" ind2="3">
    <subfield code="9">185240</subfield>
    <subfield code="a">Plant extracts</subfield>
  </datafield>
  <datafield tag="650" ind1="1" ind2="3">
    <subfield code="9">148657</subfield>
    <subfield code="a">Food industry  </subfield>
  </datafield>
  <datafield tag="700" ind1="1" ind2=" ">
    <subfield code="9">186646</subfield>
    <subfield code="a">Lebovka, N. I. (Nikola&#x12D; Ivanovich)</subfield>
    <subfield code="e">editor</subfield>
  </datafield>
  <datafield tag="700" ind1="1" ind2=" ">
    <subfield code="9">186647</subfield>
    <subfield code="a">Vorobiev, Eug&#xE8;ne</subfield>
    <subfield code="e">editor</subfield>
  </datafield>
  <datafield tag="700" ind1="1" ind2=" ">
    <subfield code="9">186648</subfield>
    <subfield code="a">Ch&#xE9;mat, Farid</subfield>
    <subfield code="e">editor</subfield>
  </datafield>
  <datafield tag="830" ind1=" " ind2=" ">
    <subfield code="a">Contemporary Food Engineering Series / edici&#xF3;n Da-Wen Sun (CRC)</subfield>
    <subfield code="9">159943</subfield>
  </datafield>
  <datafield tag="942" ind1=" " ind2=" ">
    <subfield code="2">ddc</subfield>
    <subfield code="c">Libro</subfield>
  </datafield>
  <datafield tag="999" ind1=" " ind2=" ">
    <subfield code="c">218594</subfield>
    <subfield code="d">218594</subfield>
  </datafield>
  <datafield tag="952" ind1=" " ind2=" ">
    <subfield code="0">0</subfield>
    <subfield code="1">0</subfield>
    <subfield code="2">ddc</subfield>
    <subfield code="4">0</subfield>
    <subfield code="5">1</subfield>
    <subfield code="7">0</subfield>
    <subfield code="8">GRAL</subfield>
    <subfield code="a">IA_</subfield>
    <subfield code="b">IA_</subfield>
    <subfield code="d">2021-12-09</subfield>
    <subfield code="e">Compra Librer&#xED;a UACh F. 39633</subfield>
    <subfield code="i">C/e</subfield>
    <subfield code="l">0</subfield>
    <subfield code="o">664 E54 2012</subfield>
    <subfield code="p">1102014615</subfield>
    <subfield code="r">2023-04-11 00:00:00</subfield>
    <subfield code="t">Ej. 1</subfield>
    <subfield code="w">2023-04-11</subfield>
    <subfield code="y">LIBRO</subfield>
  </datafield>
  <datafield tag="952" ind1=" " ind2=" ">
    <subfield code="0">0</subfield>
    <subfield code="1">0</subfield>
    <subfield code="2">ddc</subfield>
    <subfield code="4">0</subfield>
    <subfield code="5">5</subfield>
    <subfield code="7">0</subfield>
    <subfield code="8">GRAL</subfield>
    <subfield code="a">IA_</subfield>
    <subfield code="b">IA_</subfield>
    <subfield code="d">2021-12-09</subfield>
    <subfield code="e">Compra Librer&#xED;a UACh F. 39633</subfield>
    <subfield code="i">C/e</subfield>
    <subfield code="l">0</subfield>
    <subfield code="o">664 E54 2012</subfield>
    <subfield code="p">1102014616</subfield>
    <subfield code="r">2023-04-11 00:00:00</subfield>
    <subfield code="t">Ej. 2</subfield>
    <subfield code="w">2023-04-11</subfield>
    <subfield code="y">LIBRO</subfield>
  </datafield>
</record>
